书目信息 |
| 题名: |
全国报刊文学论文索引
|
|
| 作者: | ;中国科学院文学研究所图书资料室 编 | |
| 分册: | 1960年 | |
| 出版信息: | 北京 人民文学出版社 1965 |
|
| 页数: | 241页 | |
| 开本: | 26cm | |
| 丛书名: | ||
| 单 册: | ||
| 中图分类: | Z89:I | |
| 科图分类: | ||
| 主题词: | 文摘 , 索引 | |
| 电子资源: | ||
| ISBN: | ||
| 000 | 00765nam0 2200229 450 | |
| 001 | 0534810469 | |
| 005 | 20060805162937.78 | |
| 010 | @dCNY2.50 | |
| 091 | @a10019.1785 | |
| 100 | @a20051116d1965 km y0chiy0120 ea | |
| 101 | 0 | @achi |
| 102 | @aCN@b110000 | |
| 102 | @aCN@b110000 | |
| 200 | 1 | @a全国报刊文学论文索引@Aquan guo bao kan wen xue lun wen suo yin@h1960年@f中国科学院文学研究所图书资料室编@Fzhong guo ke xue yuan wen xue yan jiu suo tu shu zi liao shi bian |
| 210 | @a北京@c人民文学出版社@d1965 | |
| 215 | 1 | @a241页@d26cm |
| 606 | 0 | @a文摘 |
| 606 | 0 | @a索引 |
| 690 | @aZ89:I@v4 | |
| 711 | 0 | @a中国科学院文学研究所图书资料室@Azhong guo ke xue yuan wen xue yan jiu suo tu shu zi liao shi@4编 |
| 801 | 0 | @aCN@bPFT@c20060805 |
| 905 | @a10447@dZ89:I@e1960 | |
| 全国报刊文学论文索引.1960年/中国科学院文学研究所图书资料室编.-北京:人民文学出版社,1965 |
| 241页;26cm |
| ISBN :CNY2.50 |
| ● |
| 相关链接 |
|
|
|
|
正题名:全国报刊文学论文索引
索取号:Z89:I/1960
 
预约/预借
| 序号 | 登录号 | 条形码 | 馆藏地/架位号 | 状态 | 备注 |
| 1 | 0015803 | 202149558 | 密集书库/ [索取号:Z89:I/1960] | 在馆 | |
| 2 | 0451646 | 204516461 | 密集书库/ [索取号:Z89:I/1960] | 在馆 |